00377nam a2200133 a 4500008004100000050002100041100002200062245004400084260004300128300001600171350000900187650003300196650001400229120416s1960 ||||||||||||||||| || u aGN 657.Z2T63 Col aColson, Elizabeth10aSocial organisation of the Gwembe Tonga aManchesterbThe University Pressc1960 axxii, 234p. a0.00 aGWEMBE TONGA--SOCIAL ASPECTS 0aSOCIOLOGY